Test de vocabulario para preescolares costarricenses de 3 a 6 años (Registro nro. 4032)

Detalles MARC
000 -CABECERA
campo de control de longitud fija 00778aam a2200253 4500
005 - FECHA Y HORA DE ACTUALIZACIÓN
campo de control 20220816094400.0
008 - LONGITUD FIJA
campo de control de longitud fija 150319b xxu||||| |||| 00| 0 spa d
041 ## - IDIOMA
Código de idioma del texto/pista de sonido o título separado
082 ## - CLASIFICACIÓN DECIMAL DEWEY
Número de clasificación 372.21 M977t
100 ## - AUTOR PERSONAL
Nombre de persona Murillo Rojas, Marielos
245 ## - TÍTULO PROPIAMENTE DICHO
Título Test de vocabulario para preescolares costarricenses de 3 a 6 años
260 ## - PIE DE IMPRENTA
Lugar de publicación, distribución, etc. Costa Rica
Nombre del editor, distribuidor, etc. UCR
Fecha de publicación, distribución, etc. 2011
300 ## - DESCRIPCIÓN FÍSICA
Extensión 106 páginas
505 ## - Nota de Contenido
Nota de contenido Contiene disco compacto N° 277
505 ## - Nota de Contenido
Nota de contenido Disco compacto contiene cuadernillo de respuestas en formato electrónico (.pdf).
650 ## - Materia General
Materia general EDUCACION PREESCOLAR
650 ## - Materia General
Materia general NIÑOS
650 ## - Materia General
Materia general LENGUAJE
650 ## - Materia General
Materia general EVALUACION
650 ## - Materia General
Materia general METODOLOGIA
650 ## - Materia General
Materia general COSTA RICA
650 ## - Materia General
Materia general TEST
942 ## - Punto de Acceso Adicional Koha
Tipo de ítem Koha Libro
Existencias
Estado perdido Estado dañado No para préstamo Biblioteca permanente Biblioteca actual Signatura completa Código de barras Precio efectivo a partir del Tipo de ítem
      Departamento de Biblioteca y Documentación Alfonso Chase Brenes Departamento de Biblioteca y Documentación Alfonso Chase Brenes 372.21 M977t 19339 18/11/2016 Libro
      Departamento de Biblioteca y Documentación Alfonso Chase Brenes Departamento de Biblioteca y Documentación Alfonso Chase Brenes 372.21 M977t 277DC   Disco Compacto
      Departamento de Biblioteca y Documentación Alfonso Chase Brenes Departamento de Biblioteca y Documentación Alfonso Chase Brenes 372.21 M977t 19327 19/01/2022 Libro